Sistema de información gerencial para el programa educativo una computadora por niño de Fundación Zamora Terán
El presente trabajo se realizó con el fin de contribuir a los procesos de automatización y sistematización de la información gerencial para el Programa Educativo “Una computadora por Niño”, que implementa Fundación Zamora Terán en Nicaragua (país piloto del Programa Educativo), aplicando los...
| Main Author: | |
|---|---|
| Other Authors: | |
| Format: | Tesis Section = Libro |
| Language: | Undetermined Spanish |
| Published: |
Managua
UNI
2019
|
| Subjects: |
| LEADER | 01334nam a2200265Ia 4500 | ||
|---|---|---|---|
| 008 | 240830s9999 xx 000 0 und d | ||
| 040 | |a BIBLIOTECA-RUSB/ Mon 005.74 R934 | ||
| 041 | |a spa | ||
| 082 | |a Mon 005.74 R934 | ||
| 100 | 1 | |a Ruiz Solís, German Augusto | |
| 245 | 1 | 0 | |a Sistema de información gerencial para el programa educativo una computadora por niño de Fundación Zamora Terán |
| 260 | |a Managua |b UNI |c 2019 | ||
| 300 | |a 68 p. :il. | ||
| 500 | |a Contiene: anexos y CD. | ||
| 502 | |a Tesis (Ingeniero en Computación) - UNI, 2019. | ||
| 520 | 3 | |a El presente trabajo se realizó con el fin de contribuir a los procesos de automatización y sistematización de la información gerencial para el Programa Educativo “Una computadora por Niño”, que implementa Fundación Zamora Terán en Nicaragua (país piloto del Programa Educativo), aplicando los conocimientos, las técnicas y las habilidades adquiridas en Ingeniería de Software y considerando los requerimientos de los usuarios finales. | |
| 650 | 7 | |a DESARROLLO DE SISTEMA WEB-DISEÑO | |
| 650 | 7 | |b BASES DE DATOS | |
| 650 | 7 | |c AUTOMATIZACION DE LA INFORMACION | |
| 650 | 7 | |d INGENIERIA DE SOFTWARE | |
| 650 | 7 | |e PROGRAMAS EDUCATIVOS | |
| 700 | 1 | |a Tutor: |b Flores Quintana, Gloria Thalia | |
| 942 | |c BK |2 ddc | ||
| 991 | |a TESIS | ||
| 999 | |c 19828 | ||